000 00464nam a2200169 a 4500
005 20140310183323.0
008 060309s19uu xx 00 eng d
020 _a0425100057
050 _aPS 3569
_b.Sa194 1987
100 _aSanders, Lawrence
245 _aThe eighth commandment /
_cLawrence Sanders.
260 _aNew York :
_bThe Berkley Publishing Group,
_c1987.
300 _a343 p. :
_c18 cm.
650 _aFiction
942 _cBK
_2lcc
999 _c21447
_d21447